Music Quiz

Random Music or Album Quiz

Electric Light Orchestra Albums Quiz Stats

Quiz not verified by Sporcle

Challenge
Share
Tweet
Embed
Score 0/13 Timer 04:00
0 Plays Today
% Correct
Out of the Blue
92.3%
Discovery
89.2%
Time
89.2%
Electric Light Orchestra
85.1%
ELO 2
85.1%
A New World Record
81%
Face the Music
79.5%
Zoom
75.4%
On the Third Day
72.8%
Secret Messages
72.8%
Xanadu
70.3%
Balance of Power
62.6%
Eldorado, A Symphony
41%

You're not logged in!

Compare scores with friends on all Sporcle quizzes.
Sign Up with Email
OR
Log In

You Might Also Like...

Show Comments

Extras

Top Quizzes Today


Score Distribution

Your Account Isn't Verified!

In order to create a playlist on Sporcle, you need to verify the email address you used during registration. Go to your Sporcle Settings to finish the process.